000 00770nam a2200229Ia 4500
999 _c53926
_d53926
003 GCL
005 20240530105214.0
008 140319s9999 xx 000 0 ara d
040 _aGCL /
_cGCL
082 0 4 _a210.9
_bا ص
100 1 _aابن قيم الجوزية
245 1 0 _aمختصر الصواعق المرسلة: على الجهمية والمعطلة /
_cمحمد بن الموصلى
260 _a[S.N] :
_bمكتبة المتنبى ،
_c1981
300 _a648 ص
650 0 4 _aالفلسفة الاسلامية
650 0 4 _aالاسلام
650 0 4 _aالشريعة الاسلامية
650 0 4 _aالفقه الاسلامى
700 1 _aزكريا على يوسف (تصحيح)
700 1 _aمحمد بن الموصلى
942 _2ddc
_cBK